Online
Catalog

A comprender el presupuesto : (Record no. 48157)

MARC details
000 -CABECERA
campo de control de longitud fija 00945nam a2200181 a 4500
001 - NÚMERO DE CONTROL
campo de control 000048669
005 - FECHA Y HORA DE LA ÚLTIMA TRANSACCIÓN
campo de control 20201002061321.0
008 - DATOS DE LONGITUD FIJA--INFORMACIÓN GENERAL
campo de control de longitud fija 190408d2004 dr a 000 0 spa d
040 ## - FUENTE DE LA CATALOGACIÓN
Centro catalogador/agencia de origen DO-SdBNP
Lengua de catalogación spa
Centro/agencia transcriptor BNPHU
082 ## - NÚMERO DE LA CLASIFICACIÓN DECIMAL DEWEY
Número de clasificación xx
Número de documento/Ítem xx
110 2# - ENTRADA PRINCIPAL--NOMBRE DE ENTIDAD CORPORATIVA
Nombre de entidad corporativa o nombre de jurisdicción como elemento de entrada Republica Dominicana
Unidad subordinada Dirección Genral de Presupuesto
9 (RLIN) 76113
245 10 - MENCIÓN DE TÍTULO
Título A comprender el presupuesto :
Resto del título conceptos básicos para entender el presupuesto General del Estado /
Mención de responsabilidad, etc. Coordinación general Mercedes Carrasco.
260 ## - PUBLICACIÓN, DISTRIBUCIÓN, ETC.
Lugar de publicación, distribución, etc. Santo Domingo :
Nombre del editor, distribuidor, etc. Dirección Genral de Presupuesto (DIGEPRES) :,
Fecha de publicación, distribución, etc. [201].
300 ## - DESCRIPCIÓN FÍSICA
Extensión 73 p. :
Otras características físicas ils. ;
Dimensiones 23 cm.
505 0# - NOTA DE CONTENIDO CON FORMATO
Nota de contenido con formato El presupuesto genral del Estado --
Título El circulo presupuestario --
-- Origen de los recursos del presupuesto --
-- Destino de los recursos del presupuesto --
-- El resultado presupuestario --
-- Derecho y deber de la ciudadanía respecto al presupuesto --
-- Glosario.
590 ## - NOTA LOCAL (RLIN)
Nota local Inventariado, 2019/VM
700 1# - PUNTO DE ACCESO ADICIONAL--NOMBRE DE PERSONA
Nombre de persona Carrasco, Mercedes
Término indicativo de función/relación coord.
9 (RLIN) 74078
Holdings
Estado de retiro Estado de pérdida Restricciones de uso No para préstamo Código de colección Localización permanente Ubicación/localización actual Ubicación en estantería Fecha de adquisición Número de inventario Total de préstamos Signatura topográfica completa Código de barras Fecha visto por última vez Número de copia Precio válido a partir de Tipo de ítem Koha
        Dominicana de Servicio General General Depósito 08.04.2019 LF1   xx xx 48669-30 25.06.2020 e. 3 25.06.2020 Libro y Folleto Colección Dominicana de Servicio
        Dominicana de Servicio General General Depósito 08.04.2019 LF1   xx xx 48669-40 25.06.2020 e. 4 25.06.2020 Libro y Folleto Colección Dominicana de Servicio
      Excluido de préstamo Dominicana de Servicio General General Depósito 08.04.2019 LF1   xx xx 48669-50 25.06.2020 e. 5 25.06.2020 Libro y Folleto Colección Dominicana de Servicio
      Excluido de préstamo Patrimonio Dominicano Patrimonio Dominicano Patrimonio Dominicano Depósito 08.04.2019 LF1   xx xx 48669-10 25.06.2020   25.06.2020 Libro y Folleto Colección Patrimonio Dominicano
      Excluido de préstamo Patrimonio Dominicano Patrimonio Dominicano Patrimonio Dominicano Depósito 08.04.2019 LF1   xx xx 48669-20 25.06.2020 e. 2 25.06.2020 Libro y Folleto Colección Patrimonio Dominicano

Powered by Koha